Statistics for Pretty Little Liars A-Z

Click here to take the quiz!

General Stats

  • This quiz has been taken 1,385 times
  • The average score is 16 of 23

Answer Stats

HintAnswer% Correct
AIn a relationship with Mr FitzAria Montgomery
100%
EEnglish TeacherEzra Fitz
95%
MOriginal -AMona Vanderwaal
94%
HDaughter of Ashley and TomHanna Marin
93%
SPlayed by Troian BellisarioSpencer Hastings
89%
CCharlotte/Charles' AliasCece Drake
88%
PTried to drown EmilyPaige McCullers
85%
LHas a crush on HannaLucas Gottesman
83%
KHanna's StepsisterKate Randall
82%
VSpencer's MotherVeronica Hastings
81%
RSchool the liars attendRosewood High
80%
NBriefly dates AriaNoel Kahn
77%
GPart of the N.A.T. ClubGarrett Reynolds
73%
WEnglish Medical StudentWren Kingston
73%
BKilled Toby's motherBethany Young
71%
DCaught Hanna shopliftingDetective Wilden
71%
JEzra's Ex-FianceJackie Molina
63%
IEzra's ActorIan Harding
62%
TThe bird!Tippi
41%
QCofirmed to be played by Melissa and WildenQueen of Hearts
31%
FSeason 6 Episode 8FrAmed
19%
OSeason 5 Episode 19 (Lady Macbeth quote)Out, Damned Spot
14%
YActor who played GarrettYani Gellman
14%

Score Distribution

Percentile by Number Answered

Percent of People with Each Score

Your Score History

You have not taken this quiz